000 00782nam a22002055i 4500
001 162567
003 ES-MaACL
005 20250717140811.0
008 990916s1889 sp |||| | spa d
040 _aCAM
_bspa
_cCAM
100 1 _aPrida y Arteaga, Francisco de.
_9131366
245 1 0 _aMéjico contemporáneo /
_cpor Francisco de Prida y Arteaga y Rafael Pérez Vento ; obra ilustrada con mas de 100 fotograbados de Laporta.
260 _aMadrid :
_b[s.n.],
_c1889 (
_fEstablecimiento tipográfico de Fortanet)
300 _aXXI, 399 p. :
_bil. ;
_c21 cm.
651 4 _aMéxico-
_xDescripción.
_99061
700 1 _aPérez Vento, Rafael.
_9131478
700 1 _aLaporta, Francisco,
_d1850-1914
_9152865
852 _aES-MaACL
_jG-11472
_z-- Enc. piel
999 _c162567
_d162567